[Event "British Rapidplay"]
[Site "Peterborough"]
[Date "2025.03.02"]
[Round "11.5"]
[White "Han, Yichen"]
[Black "Eckersley-Waites, Adam"]
[Result "1-0"]
[WhiteElo "2430"]
[BlackElo "2247"]
[PlyCount "77"]
[EventDate "2025.03.01"]
[EventType "swiss (rapid)"]
[EventRounds "11"]
[EventCountry "ENG"]
[SourceTitle "BritBase"]
[Source "John Saunders"]
[SourceDate "2025.03.03"]
[SourceVersion "1"]
[SourceVersionDate "2025.03.03"]
[SourceQuality "2"]

1. d4 Nf6 2. Nf3 g6 3. Nbd2 Bg7 4. e4 d6 5. Bb5+ c6 6. Bd3 O-O 7. O-O c5 8. d5 e6 9. c4 e5 10. a3 Nh5 11. b4 b6 12. bxc5 bxc5 13. Rb1 f5 14. exf5 gxf5 15. Bc2 e4 16. Ne1 Qh4 17. Rb3 Nf4 18. g3 Nh3+ 19. Kg2 Qh6 20. Nxe4 f4 21. g4 Ng5 22. Nxg5 Qxg5 23. h3 Nd7 24. Nf3 Qh6 25. Re1 Ne5 26. Nxe5 Bxe5 27. Qf3 Bd7 28. Rb7 Rf7 29. Bb2 Qg5 30. Bxe5 dxe5 31. d6 Raf8 32. Kh2 Kh8 33. Rc7 h5 34. gxh5 Rg8 35. Bg6 Rxg6 36. hxg6 Qxg6 37. Rg1 Qxd6 38. Qh5+ Rh7 39. Rc8+ 1-0

[Event "British Rapidplay"]
[Site "Peterborough"]
[Date "2025.03.02"]
[Round "11.6"]
[White "Buckley, Graeme N"]
[Black "Roberson, Peter T"]
[Result "1-0"]
[WhiteElo "2268"]
[BlackElo "2434"]
[PlyCount "75"]
[EventDate "2025.03.01"]
[EventType "swiss (rapid)"]
[EventRounds "11"]
[EventCountry "ENG"]
[SourceTitle "BritBase"]
[Source "John Saunders"]
[SourceDate "2025.03.03"]
[SourceVersion "1"]
[SourceVersionDate "2025.03.03"]
[SourceQuality "2"]

1. e4 e6 2. d4 d5 3. e5 c5 4. c3 Nc6 5. Nf3 Bd7 6. Be2 Nge7 7. Na3 Nf5 8. Nc2 cxd4 9. cxd4 Be7 10. O-O O-O 11. Bd3 f6 12. Bxf5 exf5 13. Re1 Be8 14. Bf4 g5 15. exf6 Bxf6 16. Be5 f4 17. Bxf6 Qxf6 18. Ne5 f3 19. Qxf3 Qxf3 20. Nxf3 Bg6 21. Ne3 Rxf3 22. gxf3 Nxd4 23. Red1 Nxf3+ 24. Kg2 Be4 25. Nxd5 Rf8 26. Kg3 Ne5 27. f4 Nd3 28. Rxd3 Bxd3 29. fxg5 Kg7 30. Rc1 Rf5 31. Rc7+ Kf8 32. Nf4 Be4 33. Ne6+ Kg8 34. h4 Rf3+ 35. Kg4 Rf2 36. Rc8+ Kf7 37. Rf8+ Kg6 38. Rxf2 1-0

[Event "British Rapidplay"]
[Site "Peterborough"]
[Date "2025.03.02"]
[Round "11.7"]
[White "Gasanov, Eldar"]
[Black "Tanmay, Chopra"]
[Result "1-0"]
[WhiteElo "2469"]
[BlackElo "2357"]
[PlyCount "77"]
[EventDate "2025.03.01"]
[EventType "swiss (rapid)"]
[EventRounds "11"]
[EventCountry "ENG"]
[SourceTitle "BritBase"]
[Source "John Saunders"]
[SourceDate "2025.03.03"]
[SourceVersion "1"]
[SourceVersionDate "2025.03.03"]
[SourceQuality "2"]

1. d4 Nf6 2. c4 e6 3. Bg5 Bb4+ 4. Nc3 h6 5. Bh4 c5 6. d5 exd5 7. cxd5 d6 8. e3 g5 9. Bg3 Ne4 10. Qc2 Bf5 11. Bd3 Nxg3 12. hxg3 Bxd3 13. Qxd3 Nd7 14. Nge2 Ne5 15. Qc2 a6 16. a3 Ba5 17. b4 cxb4 18. axb4 Bb6 19. Nd4 Bxd4 20. exd4 Ng6 21. Ne4 f5 22. Nd2 Qf6 23. Ra3 O-O 24. Rxh6 Kg7 25. Rh5 Rae8+ 26. Re3 Re7 27. Nf3 Rfe8 28. Qd3 f4 29. Rxe7+ Rxe7+ 30. Kf1 fxg3 31. Rxg5 gxf2 32. Kxf2 Kh6 33. Rf5 Qh8 34. Qd2+ Kg7 35. Qg5 Qh6 36. Qf6+ Kg8 37. Rg5 Rg7 38. Qxd6 Qh1 39. Rxg6 1-0

[Event "British Rapidplay"]
[Site "Peterborough"]
[Date "2025.03.02"]
[Round "11.8"]
[White "Bowcott-Terry, Finlay"]
[Black "Khoury, Theo"]
[Result "0-1"]
[WhiteElo "2202"]
[BlackElo "2164"]
[PlyCount "98"]
[EventDate "2025.03.01"]
[EventType "swiss (rapid)"]
[EventRounds "11"]
[EventCountry "ENG"]
[SourceTitle "BritBase"]
[Source "John Saunders"]
[SourceDate "2025.03.03"]
[SourceVersion "1"]
[SourceVersionDate "2025.03.03"]
[SourceQuality "2"]

1. e4 c5 2. Nf3 d6 3. d4 cxd4 4. Qxd4 Nf6 5. Nc3 Nc6 6. Bb5 Bd7 7. Bxc6 Bxc6 8. Bg5 e6 9. O-O-O Be7 10. Qd3 Qa5 11. Kb1 Rc8 12. h4 h6 13. Bd2 Qa6 14. Nd4 Qxd3 15. cxd3 O-O 16. f3 d5 17. g4 Nd7 18. g5 h5 19. g6 Bf6 20. Nce2 Ne5 21. gxf7+ Kxf7 22. Bc3 dxe4 23. fxe4 Ng4 24. Rdf1 e5 25. Nxc6 Rxc6 26. d4 exd4 27. Nxd4 Rc4 28. Nf5 Kg6 29. Nd6 Rc6 30. e5 Be7 31. Rxf8 Bxf8 32. Nxb7 Be7 33. a4 Re6 34. Bd4 a6 35. Na5 Nxe5 36. Re1 Kf5 37. Rf1+ Ke4 38. Nb3 Nf3 39. Bc3 Rb6 40. Kc2 Bxh4 41. Nc5+ Ke3 42. Bxg7 Rc6 43. b4 Be7 44. Rh1 Bxc5 45. bxc5 Rxc5+ 46. Kb3 Kf2 47. Kb4 Rf5 48. Bc3 h4 49. Be1+ Kg2 0-1

[Event "British Rapidplay"]
[Site "Peterborough"]
[Date "2025.03.02"]
[Round "11.9"]
[White "Verbytski, Oleg"]
[Black "Sarakauskas, Gediminas"]
[Result "1-0"]
[WhiteElo "2111"]
[BlackElo "2323"]
[PlyCount "72"]
[EventDate "2025.03.01"]
[EventType "swiss (rapid)"]
[EventRounds "11"]
[EventCountry "ENG"]
[SourceTitle "BritBase"]
[Source "John Saunders"]
[SourceDate "2025.03.03"]
[SourceVersion "1"]
[SourceVersionDate "2025.03.03"]
[SourceQuality "2"]

1. e4 e5 2. Nf3 Nc6 3. Bc4 Bc5 4. c3 Nf6 5. d3 d6 6. O-O a6 7. h3 Ba7 8. Re1 Na5 9. Nbd2 O-O 10. d4 Nxc4 11. Nxc4 exd4 12. cxd4 Nxe4 13. Rxe4 d5 14. Rh4 dxc4 15. Qc2 h6 16. Bf4 Qd5 17. Re1 Bf5 18. Qc1 Rfe8 19. Be5 Re6 20. Qf4 Bd3 21. Rg4 Rg6 22. Nh4 Rg5 23. Nf3 Rg6 24. Nh4 Rg5 25. Nf3 Rxg4 26. Qxg4 Bg6 27. Nh4 Kh7 28. Nxg6 fxg6 29. Bxg7 Kxg7 30. Re7+ Kf6 31. Rxc7 Re8 32. Qf4+ Qf5 33. Qxh6 Bb8 34. Qg7+ Kg5 35. f4+ Kh4 36. Rf7 Qb1+ 1-0

[Event "British Rapidplay"]
[Site "Peterborough"]
[Date "2025.03.02"]
[Round "11.10"]
[White "Mirzoeva, Elmira"]
[Black "Boswell, Jacob Connor"]
[Result "1/2-1/2"]
[WhiteElo "2272"]
[BlackElo "2245"]
[PlyCount "83"]
[EventDate "2025.03.01"]
[EventType "swiss (rapid)"]
[EventRounds "11"]
[EventCountry "ENG"]
[SourceTitle "BritBase"]
[Source "John Saunders"]
[SourceDate "2025.03.03"]
[SourceVersion "1"]
[SourceVersionDate "2025.03.03"]
[SourceQuality "2"]

1. d4 Nf6 2. c4 g6 3. Nc3 Bg7 4. e4 d6 5. Nf3 O-O 6. Be2 Nbd7 7. Be3 e5 8. O-O Ng4 9. Bg5 f6 10. Bc1 Kh8 11. b3 f5 12. exf5 gxf5 13. dxe5 Ndxe5 14. Bb2 Bd7 15. h3 Nf6 16. c5 Ne4 17. Qc2 Nxc5 18. Rad1 Bc6 19. Nxe5 Bxe5 20. Nd5 Bxd5 21. Bxe5+ dxe5 22. Qxc5 c6 23. Bc4 b6 24. Qe3 Qd6 25. Rfe1 Rae8 26. Qd3 Rd8 27. Qc3 Rfe8 28. f4 Qc5+ 29. Kh2 Be4 30. fxe5 Rxd1 31. Rxd1 Qxe5+ 32. Qxe5+ Rxe5 33. Rd8+ Kg7 34. Rd7+ Kg6 35. Rxa7 b5 36. Bg8 Rc5 37. g4 Rc2+ 38. Kg3 Kg5 39. h4+ Kf6 40. Rf7+ Ke5 41. Re7+ Kf6 42. Rf7+ 1/2-1/2

[Event "British Rapidplay"]
[Site "Peterborough"]
[Date "2025.03.02"]
[Round "11.11"]
[White "Siva, Mahadevan"]
[Black "Alizada, Eldar"]
[Result "1-0"]
[WhiteElo "2369"]
[BlackElo "1997"]
[PlyCount "73"]
[EventDate "2025.03.01"]
[EventType "swiss (rapid)"]
[EventRounds "11"]
[EventCountry "ENG"]
[SourceTitle "BritBase"]
[Source "John Saunders"]
[SourceDate "2025.03.03"]
[SourceVersion "1"]
[SourceVersionDate "2025.03.03"]
[SourceQuality "2"]

1. e4 e6 2. d4 d5 3. Nd2 dxe4 4. Nxe4 Nd7 5. Nf3 Ngf6 6. Bd3 Be7 7. Qe2 O-O 8. O-O b6 9. Neg5 h6 10. Nxe6 fxe6 11. Qxe6+ Rf7 12. Bc4 Qf8 13. Nh4 Bd6 14. Ng6 Qe8 15. Qxe8+ Nxe8 16. Re1 Bb7 17. Bf4 Bxf4 18. Re7 Nd6 19. Bxf7+ Nxf7 20. Nxf4 Nf8 21. Rxc7 Be4 22. Re1 Nd6 23. f3 g5 24. Nh5 Ne8 25. Rc3 Bg6 26. Ng3 Rd8 27. Rc6 Kf7 28. c3 Nd6 29. Ne4 Bxe4 30. fxe4 Ne6 31. d5 Nc5 32. e5 Nc8 33. Rf1+ Ke7 34. Rc7+ Ke8 35. c4 Ne7 36. d6 Ng6 37. Rf6 1-0

[Event "British Rapidplay"]
[Site "Peterborough"]
[Date "2025.03.02"]
[Round "11.12"]
[White "Larchikov, Maksym"]
[Black "Vijayakumar, Rishi"]
[Result "0-1"]
[WhiteElo "2050"]
[BlackElo "2311"]
[PlyCount "70"]
[EventDate "2025.03.01"]
[EventType "swiss (rapid)"]
[EventRounds "11"]
[EventCountry "ENG"]
[SourceTitle "BritBase"]
[Source "John Saunders"]
[SourceDate "2025.03.03"]
[SourceVersion "1"]
[SourceVersionDate "2025.03.03"]
[SourceQuality "2"]

1. d4 Nf6 2. c4 e6 3. Nf3 d5 4. Nc3 Bb4 5. Bg5 h6 6. Bxf6 Qxf6 7. e3 O-O 8. Rc1 Nc6 9. h3 Rd8 10. cxd5 exd5 11. Bd3 Ne7 12. O-O c6 13. Ne5 c5 14. Ng4 Bxg4 15. Qxg4 cxd4 16. exd4 Nc6 17. Ne2 g6 18. Rfd1 Bd6 19. Nc3 Bf4 20. Rb1 h5 21. Qe2 Nxd4 22. Qf1 Be5 23. Ne2 h4 24. Nxd4 Bxd4 25. Rd2 Qf4 26. Rbd1 Be5 27. g3 hxg3 28. Qg2 Bd4 29. Bf1 Bxf2+ 30. Kh1 Rac8 31. Rxd5 Rxd5 32. Qxd5 Rc1 33. Bg2 Bd4 34. Qb3 Qe3 35. Bxb7 Qg1+ 0-1

[Event "British Rapidplay"]
[Site "Peterborough"]
[Date "2025.03.02"]
[Round "11.13"]
[White "Nicholas, Koichi B"]
[Black "Vaidyanathan, Adithya"]
[Result "0-1"]
[WhiteElo "2066"]
[BlackElo "2037"]
[PlyCount "144"]
[EventDate "2025.03.01"]
[EventType "swiss (rapid)"]
[EventRounds "11"]
[EventCountry "ENG"]
[SourceTitle "BritBase"]
[Source "John Saunders"]
[SourceDate "2025.03.03"]
[SourceVersion "1"]
[SourceVersionDate "2025.03.03"]
[SourceQuality "2"]

1. Nc3 c5 2. d4 cxd4 3. Qxd4 Nc6 4. Qd3 g6 5. Nf3 Bg7 6. e4 d6 7. Be2 Nf6 8. Nd5 O-O 9. Nxf6+ Bxf6 10. c3 Be6 11. O-O a6 12. Bh6 Re8 13. Nd4 Bd7 14. Rfd1 Qb6 15. Be3 Qc7 16. Nf3 Rec8 17. Bf4 b5 18. h4 b4 19. cxb4 Nxb4 20. Qd2 Qb7 21. Bxd6 exd6 22. Qxd6 Be6 23. a3 Nc6 24. Qf4 Bg7 25. Ng5 Nd4 26. Bf1 Qxb2 27. Rab1 Qxa3 28. Rb7 Qf8 29. h5 h6 30. Nxe6 Nxe6 31. Qg4 g5 32. Rdd7 Nd8 33. Rb1 Nc6 34. Qf5 Ne5 35. Rd5 Rc5 36. Rbd1 Rxd5 37. exd5 Qc8 38. Qe4 Qg4 39. Qxg4 Nxg4 40. d6 Ne5 41. d7 Rd8 42. Bxa6 Rxd7 43. Rxd7 Nxd7 44. g4 Bd4 45. Kg2 Ne5 46. f3 Kf8 47. Bb5 Ke7 48. Ba6 Kd6 49. Bb7 Nd3 50. Be4 Nc5 51. Ba8 Ke5 52. Bc6 Kf4 53. Bd5 f6 54. Bc4 Be3 55. Bb5 f5 56. Be2 Na4 57. Bb5 Nb6 58. Be2 Bc5 59. gxf5 Kxf5 60. Bb5 Nd5 61. Be8 Kf4 62. Bc6 Nf6 63. Bb7 Nxh5 64. Bc6 Ke3 65. Kh3 Nf6 66. Bb7 Bd6 67. Bc6 h5 68. Bb7 Kf2 69. Bc6 Bb8 70. Bb7 Ne8 71. Bd5 Ng7 72. Be4 Ne6 0-1

[Event "British Rapidplay"]
[Site "Peterborough"]
[Date "2025.03.02"]
[Round "11.14"]
[White "Sivanandan, Bodhana"]
[Black "Kanyamarala, Tarun"]
[Result "1/2-1/2"]
[WhiteElo "2073"]
[BlackElo "2389"]
[PlyCount "170"]
[EventDate "2025.03.01"]
[EventType "swiss (rapid)"]
[EventRounds "11"]
[EventCountry "ENG"]
[SourceTitle "BritBase"]
[Source "John Saunders"]
[SourceDate "2025.03.03"]
[SourceVersion "1"]
[SourceVersionDate "2025.03.03"]
[SourceQuality "2"]

1. e4 c5 2. Nf3 e6 3. g3 d5 4. exd5 exd5 5. d4 Nf6 6. Bg2 Be7 7. O-O O-O 8. Nc3 Nc6 9. Bg5 cxd4 10. Nxd4 h6 11. Be3 Bg4 12. Qd2 Ne5 13. h3 Nc4 14. Qc1 Be6 15. Re1 Qd7 16. Nxe6 fxe6 17. Bd4 Rac8 18. b3 Ba3 19. Qd1 Nd6 20. Qd3 Nf5 21. Bxf6 Rxf6 22. Ne2 Bc5 23. Rf1 Qc7 24. Kh2 Bd6 25. c3 h5 26. Nd4 Nxd4 27. cxd4 Qc2 28. Rad1 h4 29. Rd2 Qxd3 30. Rxd3 Rc2 31. Kg1 Rxa2 32. gxh4 Rf4 33. Bf3 Be7 34. Bg4 Bxh4 35. Bxe6+ Kh7 36. Bxd5 Bxf2+ 37. Kh1 b6 38. Be6 Kg6 39. d5 Kf6 40. Bg4 Ke7 41. d6+ Kd8 42. Rc3 Rxg4 43. hxg4 Bc5 44. Rd3 Re2 45. Rf7 Re1+ 46. Kg2 Re2+ 47. Kg3 Re6 48. Rxa7 Bxd6+ 49. Kf3 g5 50. Rg7 Rf6+ 51. Ke4 Kc8 52. Rxg5 Rf4+ 53. Kd5 Bc5 54. Kc6 Rf6+ 55. Kb5 Rf7 56. Rg8+ Kc7 57. g5 Be7 58. Rc3+ Kb7 59. Kc4 Bc5 60. g6 Rd7 61. Rd3 b5+ 62. Kxc5 Rxd3 63. b4 Rg3 64. Kxb5 Rg5+ 65. Ka4 Ka7 66. Kb3 Rg4 67. Ka4 Rg5 68. b5 Kb6 69. g7 Rg4+ 70. Kb3 Kb7 71. Kc3 Ka7 72. Kd3 Kb7 73. Ke3 Ka7 74. b6+ Kb7 75. Kf2 Rg6 76. Kf3 Rg1 77. Ke3 Rg2 78. Kf4 Rg1 79. Kf5 Rf1+ 80. Ke6 Re1+ 81. Kd6 Rd1+ 82. Kc5 Rc1+ 83. Kd4 Rd1+ 84. Ke3 Rg1 85. Kf2 Rg6 1/2-1/2

[Event "British Rapidplay"]
[Site "Peterborough"]
[Date "2025.03.02"]
[Round "11.15"]
[White "Zhang, Junyi"]
[Black "Pritchett, Craig William"]
[Result "0-1"]
[WhiteElo "2152"]
[BlackElo "2177"]
[PlyCount "138"]
[EventDate "2025.03.01"]
[EventType "swiss (rapid)"]
[EventRounds "11"]
[EventCountry "ENG"]
[SourceTitle "BritBase"]
[Source "John Saunders"]
[SourceDate "2025.03.03"]
[SourceVersion "1"]
[SourceVersionDate "2025.03.03"]
[SourceQuality "2"]

1. e4 c5 2. Nf3 e6 3. g3 Nc6 4. Bg2 Nf6 5. Nc3 d6 6. O-O Be7 7. d4 cxd4 8. Nxd4 Bd7 9. Re1 O-O 10. Be3 a6 11. h3 Qc7 12. Qd2 Rac8 13. Nxc6 Bxc6 14. Rad1 b5 15. a3 Qb7 16. Bf4 Rfd8 17. Qd3 a5 18. g4 b4 19. axb4 axb4 20. Nb1 h6 21. Bg3 d5 22. e5 Ne4 23. Bxe4 dxe4 24. Qe3 Bd5 25. c3 Bc5 26. Qe2 e3 27. fxe3 Bf3 28. Rxd8+ Rxd8 29. Qf2 Rd1 30. Rxd1 Bxd1 31. Nd2 b3 32. Qe1 Bc2 33. Bf2 Qd5 34. Qe2 Qxe5 35. Nf3 Qe4 36. Nd4 e5 37. Nf5 Qd3 38. Ng3 e4 39. Qe1 Ba3 40. Qa1 Qd1+ 41. Qxd1 Bxd1 42. Nxe4 Bxb2 43. Nd2 Bxc3 44. Nxb3 Bxb3 45. Kg2 Bd5+ 46. Kg1 Bf3 47. Bg3 f6 48. Kf2 Be4 49. Bc7 Kf7 50. Bb6 Ke6 51. Bc5 Be5 52. Bf8 f5 53. gxf5+ Kxf5 54. Be7 h5 55. Bd8 g5 56. Be7 h4 57. Bd8 Bg3+ 58. Kg1 g4 59. hxg4+ Kxg4 60. Bxh4 Bxh4 61. Kf1 Kf3 62. Kg1 Bf2+ 63. Kh2 Bd3 64. e4 Bd4 65. e5 Bxe5+ 66. Kg1 Kg3 67. Kh1 Bf4 68. Kg1 Be3+ 69. Kh1 Be4# 0-1

[Event "British Rapidplay"]
[Site "Peterborough"]
[Date "2025.03.02"]
[Round "11.16"]
[White "Lishoy Gengis Paratazham, Dildarav"]
[Black "Cancedda-Dupuis, Livio"]
[Result "0-1"]
[WhiteElo "2071"]
[BlackElo "2053"]
[PlyCount "172"]
[EventDate "2025.03.01"]
[EventType "swiss (rapid)"]
[EventRounds "11"]
[EventCountry "ENG"]
[SourceTitle "BritBase"]
[Source "John Saunders"]
[SourceDate "2025.03.03"]
[SourceVersion "1"]
[SourceVersionDate "2025.03.03"]
[SourceQuality "2"]

1. d4 Nf6 2. Nf3 d5 3. Nbd2 Bf5 4. e3 e6 5. b3 c5 6. Bb2 Nc6 7. a3 Rc8 8. Be2 cxd4 9. exd4 Bd6 10. Rc1 Qe7 11. b4 O-O 12. O-O Ne4 13. c4 Qd7 14. Nxe4 dxe4 15. Ne5 Bxe5 16. dxe5 Qe7 17. Qd2 Rfd8 18. Qe3 Qc7 19. f4 exf3 20. Bxf3 Rd3 21. Qf4 Rcd8 22. Rfd1 Rxd1+ 23. Rxd1 Rxd1+ 24. Bxd1 f6 25. Qe3 fxe5 26. b5 Qd6 27. bxc6 Qxd1+ 28. Kf2 bxc6 29. Qxe5 Qd7 30. Bd4 a6 31. Qb8+ Kf7 32. Qe5 Kg8 33. Qb8+ Kf7 34. Qe5 Ke8 35. Qb8+ Ke7 36. Qe5 Ke8 37. Qb8+ Qd8 38. Qe5 c5 39. Bxc5 Qh4+ 40. Kg1 Qxc4 41. Qb8+ Kf7 42. Qc7+ Kg6 43. Qg3+ Kf6 44. Qe3 e5 45. h3 h6 46. Bb4 Qc6 47. Bc3 Qd6 48. Bb4 Qd1+ 49. Kh2 Qd4 50. Qe2 Bd3 51. Qd1 Kf7 52. Qh5+ Kg8 53. Qf3 Kh7 54. Bd2 Bg6 55. Qe3 Qd6 56. Kg1 e4 57. Kf1 Qf6+ 58. Kg1 Qe6 59. Kf1 Be8 60. Kg1 Bb5 61. Qf2 Bd3 62. Be3 a5 63. Qf8 a4 64. Bd4 Qd7 65. Qc5 Qf7 66. Qe5 Qg6 67. Qc7 e3 68. Bxe3 Be4 69. g4 Qf6 70. Qf4 Qa1+ 71. Kh2 Qb2+ 72. Bf2 Qe2 73. Qe3 Qc4 74. Qd4 Qc7+ 75. Bg3 Qc2+ 76. Bf2 Bc6 77. Qf4 Be4 78. Qe3 Kh8 79. Qf4 Qb1 80. Bg1 Kh7 81. Qe3 Qc2+ 82. Bf2 Bb7 83. Qf4 Qc6 84. Qf5+ Kg8 85. Kg3 g5 86. Qc5 Qg2# 0-1

[Event "British Rapidplay"]
[Site "Peterborough"]
[Date "2025.03.02"]
[Round "11.17"]
[White "Bin-Suhayl, Ieysaa"]
[Black "Southcott-Moyers, Indy"]
[Result "1/2-1/2"]
[WhiteElo "2219"]
[BlackElo "2227"]
[PlyCount "165"]
[EventDate "2025.03.01"]
[EventType "swiss (rapid)"]
[EventRounds "11"]
[EventCountry "ENG"]
[SourceTitle "BritBase"]
[Source "John Saunders"]
[SourceDate "2025.03.03"]
[SourceVersion "1"]
[SourceVersionDate "2025.03.03"]
[SourceQuality "2"]

1. Nf3 d5 2. g3 c5 3. Bg2 Nc6 4. d4 Nf6 5. O-O e6 6. c4 dxc4 7. dxc5 Qxd1 8. Rxd1 Bxc5 9. Nbd2 c3 10. bxc3 O-O 11. Nb3 Be7 12. c4 Bd7 13. Bb2 Rfc8 14. Rac1 Be8 15. Nfd4 Kf8 16. Nb5 Rd8 17. c5 Rxd1+ 18. Rxd1 Nd8 19. Nc7 Rc8 20. Nxe8 Nxe8 21. Rd7 Rc7 22. Rxc7 Nxc7 23. Na5 Nd5 24. e4 Nb4 25. e5 Bxc5 26. Nxb7 Nxb7 27. Bxb7 Nd3 28. Ba1 Nxf2 29. Kg2 Ng4 30. Be4 Ne3+ 31. Kh3 Nd5 32. Kg4 Ne3+ 33. Kh3 h5 34. Kh4 g6 35. Bc3 Nf5+ 36. Kg5 Kg7 37. Kf4 Be3+ 38. Kf3 Bd4 39. Bxd4 Nxd4+ 40. Ke3 Nf5+ 41. Kd3 Kf8 42. Kc4 Ke7 43. Kb5 Kd7 44. Ka6 Kc7 45. Kxa7 Ne3 46. Ka6 Nc4 47. Kb5 Nxe5 48. a4 f5 49. Bg2 Nd7 50. a5 e5 51. Bd5 e4 52. a6 g5 53. a7 Nb6 54. Kc5 h4 55. gxh4 gxh4 56. a8=Q Nxa8 57. Bxa8 Kd7 58. Kd4 Ke6 59. Bd5+ Kf6 60. h3 Kg5 61. Ke3 Kf6 62. Kf4 e3 63. Kxe3 f4+ 64. Kf3 Kg5 65. Be4 Kh5 66. Bd3 Kg5 67. Be2 Kf5 68. Bd1 Kg5 69. Be2 Kf5 70. Bf1 Kg5 71. Ke4 f3 72. Ke5 f2 73. Ke4 Kh5 74. Kf4 Kh6 75. Kg4 Kg6 76. Kxh4 Kh6 77. Kg4 Kg6 78. h4 Kh6 79. h5 Kg7 80. Kg5 Kh7 81. h6 Kg8 82. Kg6 Kh8 83. h7 1/2-1/2

[Event "British Rapidplay"]
[Site "Peterborough"]
[Date "2025.03.02"]
[Round "11.18"]
[White "Raju, Sooraj Menothuparam"]
[Black "Lalic, Susan Kathryn"]
[Result "1-0"]
[WhiteElo "2154"]
[BlackElo "2227"]
[PlyCount "81"]
[EventDate "2025.03.01"]
[EventType "swiss (rapid)"]
[EventRounds "11"]
[EventCountry "ENG"]
[SourceTitle "BritBase"]
[Source "John Saunders"]
[SourceDate "2025.03.03"]
[SourceVersion "1"]
[SourceVersionDate "2025.03.03"]
[SourceQuality "2"]

1. e4 e6 2. d4 d5 3. Nd2 c5 4. Ngf3 cxd4 5. Nxd4 Nc6 6. Bb5 Bd7 7. Nxc6 Bxc6 8. Qe2 Nf6 9. O-O Bxb5 10. Qxb5+ Qd7 11. Qxd7+ Kxd7 12. exd5 Nxd5 13. c4 Nf4 14. Ne4 Ne2+ 15. Kh1 Nxc1 16. Raxc1 Be7 17. Rfd1+ Kc7 18. c5 Rac8 19. b4 Rhd8 20. Nc3 a6 21. g3 Rxd1+ 22. Nxd1 Rd8 23. Kg2 Rd2 24. Nc3 Bf6 25. Ne4 Rxa2 26. Nxf6 gxf6 27. Rc4 a5 28. bxa5 Rxa5 29. Rh4 Rxc5 30. Rxh7 b5 31. Rxf7+ Kd6 32. h4 f5 33. h5 f4 34. g4 e5 35. h6 Ke6 36. Rf8 Rc7 37. g5 b4 38. g6 b3 39. g7 b2 40. g8=Q+ Kd6 41. Qb3 1-0

[Event "British Rapidplay"]
[Site "Peterborough"]
[Date "2025.03.02"]
[Round "11.19"]
[White "Murawski, Jan"]
[Black "Rushbrooke, Remy"]
[Result "0-1"]
[WhiteElo "2079"]
[BlackElo "2094"]
[PlyCount "152"]
[EventDate "2025.03.01"]
[EventType "swiss (rapid)"]
[EventRounds "11"]
[EventCountry "ENG"]
[SourceTitle "BritBase"]
[Source "John Saunders"]
[SourceDate "2025.03.03"]
[SourceVersion "1"]
[SourceVersionDate "2025.03.03"]
[SourceQuality "2"]

1. d4 g6 2. c4 Bg7 3. Nc3 d6 4. e4 e5 5. dxe5 dxe5 6. Qxd8+ Kxd8 7. f4 c6 8. Nf3 f6 9. fxe5 fxe5 10. Bg5+ Kc7 11. O-O-O Bf6 12. Bxf6 Nxf6 13. Nxe5 Re8 14. Nf3 Na6 15. Bd3 Nc5 16. Rhe1 Ng4 17. Re2 a5 18. Bc2 Ne5 19. Nxe5 Rxe5 20. Rf2 Be6 21. b3 Re8 22. h3 Re7 23. Kb2 g5 24. Rf8 Bf7 25. Rd2 Bg6 26. Rg8 Ne6 27. Kc1 Rf7 28. Kb2 Nc5 29. Re2 Bh5 30. Rd2 Bg6 31. a3 Rf4 32. Rg7+ Kb8 33. b4 Ne6 34. Re7 Rf7 35. Rdd7 Rxe7 36. Rxe7 axb4 37. axb4 Kc8 38. c5 Kb8 39. Na4 Ka7 40. Nb6 Bxe4 41. Re8 Ka6 42. Ba4 Nxc5 43. Rxe5 Nd3+ 44. Kc3 Nxe5 45. Kd4 Bxg2 46. Kxe5 Kxb6 47. Kf5 Bxh3+ 48. Kxg5 Bf1 49. Kh6 Bd3 50. Kg5 c5 51. bxc5+ Kxc5 52. Kf4 b5 53. Bb3 Kd4 54. Bg8 b4 55. Kg5 Kc3 56. Kf4 b3 57. Ke3 b2 58. Ba2 b1=Q 59. Bxb1 Bxb1 60. Kf4 Kd4 61. Kg5 Ke5 62. Kh4 Kf6 63. Kh5 Kg7 64. Kg5 h6+ 65. Kh5 Bc2 66. Kh4 Kg6 67. Kg4 h5+ 68. Kh4 Bd3 69. Kg3 Kg5 70. Kh3 Be4 71. Kg3 h4+ 72. Kh3 Bd5 73. Kh2 Kg4 74. Kg1 Kg3 75. Kf1 h3 76. Kg1 h2+ 0-1

[Event "British Rapidplay"]
[Site "Peterborough"]
[Date "2025.03.02"]
[Round "11.20"]
[White "Lebedev, Lion"]
[Black "Chopra, Manmay"]
[Result "0-1"]
[WhiteElo "2038"]
[BlackElo "2156"]
[PlyCount "154"]
[EventDate "2025.03.01"]
[EventType "swiss (rapid)"]
[EventRounds "11"]
[EventCountry "ENG"]
[SourceTitle "BritBase"]
[Source "John Saunders"]
[SourceDate "2025.03.03"]
[SourceVersion "1"]
[SourceVersionDate "2025.03.03"]
[SourceQuality "2"]

1. d4 Nf6 2. c4 g6 3. Nc3 Bg7 4. g3 O-O 5. Bg2 d6 6. Nf3 Nc6 7. O-O Bf5 8. Re1 Ne4 9. Nxe4 Bxe4 10. Be3 e5 11. dxe5 dxe5 12. Nd2 Bxg2 13. Kxg2 f5 14. Nb3 b6 15. Qxd8 Raxd8 16. Rad1 e4 17. Bf4 Rf7 18. Rxd8+ Nxd8 19. Rd1 Ne6 20. Bc1 c5 21. e3 Rc7 22. Kf1 Kf7 23. Ke2 Ke7 24. a4 Ng5 25. Nd2 Nf7 26. Nb1 Ne5 27. Nc3 Kf7 28. Nd5 Rd7 29. b3 g5 30. Bb2 Nf3 31. Bxg7 Kxg7 32. h3 Ne5 33. Ra1 Nc6 34. Rh1 Na5 35. Rb1 Rd6 36. Kd1 Rh6 37. Ne7 Rd6+ 38. Kc2 Kf6 39. Nd5+ Ke5 40. Rh1 Rh6 41. Kc3 Nc6 42. Kd2 Rd6 43. Kc2 Nd8 44. a5 bxa5 45. Ra1 Nc6 46. Kc1 Rh6 47. Kd2 Rxh3 48. Ke2 Rh6 49. Nc3 Rd6 50. Na4 f4 51. gxf4+ gxf4 52. Nxc5 f3+ 53. Ke1 Rh6 54. Kd2 Rh2 55. Rf1 Nb4 56. Kc3 h5 57. Nd7+ Ke6 58. Nc5+ Kf5 59. Kd4 Nc6+ 60. Kd5 Nb4+ 61. Kd4 a6 62. Nd7 Nd3 63. c5 Rxf2 64. Rh1 Nb4 65. Rxh5+ Kg6 66. Rh4 Rd2+ 67. Kxe4 Rxd7 68. Kxf3 Rd5 69. Rc4 Nc6 70. Ke4 Re5+ 71. Kf4 Kf6 72. e4 Rh5 73. Rc2 Rh4+ 74. Ke3 Ke5 75. Rg2 Rxe4+ 76. Kd3 Kd5 77. Rg6 Ne5+ 0-1

[Event "British Rapidplay"]
[Site "Peterborough"]
[Date "2025.03.02"]
[Round "11.21"]
[White "Mihalik, Agoston"]
[Black "Yoon, Jacob D"]
[Result "1/2-1/2"]
[WhiteElo "2140"]
[BlackElo "2251"]
[PlyCount "120"]
[EventDate "2025.03.01"]
[EventType "swiss (rapid)"]
[EventRounds "11"]
[EventCountry "ENG"]
[SourceTitle "BritBase"]
[Source "John Saunders"]
[SourceDate "2025.03.03"]
[SourceVersion "1"]
[SourceVersionDate "2025.03.03"]
[SourceQuality "2"]

1. e4 e6 2. d4 d5 3. Nd2 Be7 4. e5 c5 5. c3 Nc6 6. Bd3 Nh6 7. Ne2 Nf5 8. Bxf5 exf5 9. O-O cxd4 10. cxd4 Be6 11. f4 O-O 12. Nf3 b5 13. Be3 Qb6 14. h3 Rfc8 15. Ng5 Nb4 16. Nc3 Nc6 17. Nxe6 fxe6 18. Rc1 Na5 19. b3 Rc7 20. Qd3 a6 21. Ne2 Rac8 22. Rxc7 Rxc7 23. Rc1 Rxc1+ 24. Bxc1 Nc6 25. Bd2 a5 26. Kf2 Bb4 27. Be3 a4 28. Qc2 a3 29. Nc1 h6 30. g4 fxg4 31. hxg4 Be7 32. Nd3 b4 33. Kg2 Na7 34. f5 exf5 35. gxf5 Qc6 36. Qf2 Nb5 37. f6 gxf6 38. Bxh6 Kf7 39. Be3 Qe6 40. exf6 Qe4+ 41. Kg1 Bxf6 42. Ne5+ Ke6 43. Nf3 Nc3 44. Bd2 Ne2+ 45. Kf1 Nxd4 46. Nxd4+ Bxd4 47. Qg3 Qb1+ 48. Ke2 Qe4+ 49. Kf1 Qf5+ 50. Kg2 Qe4+ 51. Kf1 Bf6 52. Qg8+ Kf5 53. Qh7+ Ke5 54. Qxe4+ Kxe4 55. Bxb4 Bb2 56. Ke2 d4 57. Kd2 Kd5 58. Kd3 Bc1 59. Bf8 Bb2 60. Be7 Bc1 1/2-1/2